Secured lending valuation of properties in multi-storey, multi occupancy residential buildings with cladding (Record no. 122349)
[ view plain ]
| 000 -LEADER | |
|---|---|
| fixed length control field | 02738nam a22002657a 4500 |
| 005 - DATE AND TIME OF LATEST TRANSACTION | |
| control field | 20260512170143.0 |
| 008 - FIXED-LENGTH DATA ELEMENTS--GENERAL INFORMATION | |
| fixed length control field | 260512s2026 xxk||||| |||| 00| 0 eng | |
| 020 ## - INTERNATIONAL STANDARD BOOK NUMBER | |
| ISBN | 9781783215683 |
| 041 ## - LANGUAGE CODE | |
| Language code of text/sound track or separate title | eng |
| 110 ## - MAIN ENTRY--CORPORATE NAME | |
| Corporate author | Royal Institution of Chartered Surveyors |
| 245 ## - TITLE STATEMENT | |
| Title | Secured lending valuation of properties in multi-storey, multi occupancy residential buildings with cladding |
| Subtitle | RICS Professional Standard, UK, |
| Statement of responsibility, etc | Effective from 1 November 2026 |
| Medium | [Electronic] |
| 250 ## - EDITION | |
| Edition statement | 2nd |
| 260 ## - PUBLICATION INFORMATION | |
| Place of publication | London, |
| Date | May 2026, |
| Publisher | Royal Institution of Chartered Surveyors |
| 300 ## - PHYSICAL DESCRIPTION | |
| Physical description | 16p |
| 490 ## - SERIES TITLE | |
| Series statement | RICS Professional Standard |
| 520 ## - ABSTRACT | |
| Abstract | This standard been produced to help valuers understand when an EWS1 form should be required due to visible cladding. Whilst specifically targeted at UK valuers, the guidance will be useful for all stakeholders involved in the buying and selling of residential properties with cladding.<br/><br/>The development of this standard was supported with input from our expert group, comprised of industry professionals such as representatives from MHCLG; lenders such as Nationwide, Barclays and HSBC and; valuers from firms such as SDL Surveying, L&G Survey, Countrywide and e.surv.<br/><br/>The second edition of this professional standard will also provide valuers with the proportionate criteria for identifying buildings where remediation work to cladding for fire safety purposes is likely to be required. It reflects the latest government legislation and best practice, as well as updates to RICS valuation standards: RICS Valuation – Global Standards: UK national supplement and RICS Valuation – Global Standards (Red Book Global Standards).<br/><br/>As fire safety and robust valuation advice are critical public interest matters, this second edition will help ensure exceptional standards and professionalism amongst RICS members and valuers.<br/><br/>Please note, this standard is not intended to be, nor should it ever be used as, a substitute for or part of a professional life safety fire risk assessment of any building. The EWS1 form is not a safety certificate and the fact that an EWS1 form is not required for a particular building does not mean that the building may not require some form of remediation in the future. |
| 520 ## - ABSTRACT | |
| Abstract | Effective from 1 November 2026, supersedes 1st edition ISBN 9781783214143 |
| 650 ## - KEYWORDS | |
| Keywords | CLADDING |
| 651 ## - SUBJECT ADDED ENTRY--GEOGRAPHIC NAME | |
| Geographic name | United Kingdom |
| 690 ## - BROAD SUBJECT | |
| 9 (RLIN) | 6308 |
| Broad subject | Cladding |
| 690 ## - BROAD SUBJECT | |
| 9 (RLIN) | 6225 |
| Broad subject | Building surveying |
| 700 ## - ADDED PERSONAL NAME | |
| Added personal author | Mead, Rob |
| 856 ## - ONLINE RESOURCE | |
| Uniform Resource Identifier | <a href="https://www.rics.org/content/dam/ricsglobal/documents/standards/Secured-lending-valuation-of-properties-in-multi-storey-multi-occupancy-residential-buildings-with-cladding_2nd-edition.pdf">https://www.rics.org/content/dam/ricsglobal/documents/standards/Secured-lending-valuation-of-properties-in-multi-storey-multi-occupancy-residential-buildings-with-cladding_2nd-edition.pdf</a> |
| Public note | Available on RICS.org |
| 942 ## - ADDED ENTRY ELEMENTS (KOHA) | |
| Suppress in OPAC | Do not suppress in OPAC |
| Lost status | Damaged status | Not for loan | Home library | Current library | Shelving location | Date acquired | Total Checkouts | Full call number | Date last seen | Price effective from | Koha item type |
|---|---|---|---|---|---|---|---|---|---|---|---|
| Virtual | Virtual | Online | 12/05/2026 | ONLINE PUBLICATION | 12/05/2026 | 12/05/2026 | Online material |